Zoom /

محفوظ في:
التفاصيل البيبلوغرافية
المؤلف الرئيسي: Alemán, María Gabriela, 1968
التنسيق: غير معروف
اللغة:Spanish
منشور في: Ecuador : Eskeletra, 1997.
الموضوعات:
الوسوم: إضافة وسم
لا توجد وسوم, كن أول من يضع وسما على هذه التسجيلة!

MARC

LEADER 000000000a22000000004500
001 012657
041 0 |a spa 
082 0 4 |a A869.34   |b A367z 
100 1 |a Alemán, María Gabriela,   |d 1968 
245 1 0 |a Zoom /   |c María Gabriela Alemán. 
260 1 |a Ecuador :   |b Eskeletra,   |c 1997. 
300 |a 107 páginas 
650 4 |a LITERATURA BRASILEÑA 
650 4 |a CUENTOS 
500 |a Colección George Yúdice 
999 |c 18613  |d 18613 
942 |c BK  |h A869.34 A367z  |2 z